| 000 | 00639nam a2200217 i 4500 | ||
|---|---|---|---|
| 001 | 134226 | ||
| 003 | ES-MaACL | ||
| 005 | 20230906194628.0 | ||
| 007 | t| | ||
| 008 | 070906s1970 sp ||||1| spa d | ||
| 100 | 1 |
_aXandró, Mauricio. _9117492 |
|
| 245 | 1 | 3 |
_aLa selección de personal _b: problema de las empresas / _cMauricio Xandró. |
| 260 |
_aMadrid : _bStudium, _c[1970] |
||
| 300 |
_a107 p. ; _c18 cm. |
||
| 490 | 1 | _aHombres de empresa | |
| 500 | _aGrab. intercal. | ||
| 650 | 1 | 4 |
_aSelección de personal. _917029 |
| 830 | 0 |
_aHombres de empresa _9219831 |
|
| 852 |
_aES-MaACL _jC-47098 _bR.74206 |
||
| 999 |
_c134226 _d134226 |
||